| 000 | 00438nam a2200157 a 4500 | ||
|---|---|---|---|
| 001 | 3143 | ||
| 003 | CDMR | ||
| 005 | 20131015102711.0 | ||
| 008 | 130130s2005||||||||||||||||||||||||||||d | ||
| 040 |
_aCDMR _bcat _cCPC GIRONA |
||
| 100 | 1 |
_aAgirre, Lorea _92293 |
|
| 245 | 1 | 0 |
_aPlouen mentides _bCrònica del tancament d'Egunkaria _cAgirre, Lorea |
| 260 |
_c2005 _bPlataforma per Egunkaria |
||
| 610 | 2 |
_94070 _aEgunkaria (Diari) |
|
| 942 |
_cMON _2udc |
||
| 999 |
_c3143 _d3143 |
||